MARKETING FOR HOSPITALITY & TOURISM (Record no. 12857)

MARC details
000 -LEADER
fixed length control field 00364nam a22001577a 4500
003 - CONTROL NUMBER IDENTIFIER
control field SGT
020 ## - INTERNATIONAL STANDARD BOOK NUMBER
International Standard Book Number 81-297-0509-5
082 ## - DEWEY DECIMAL CLASSIFICATION NUMBER
Classification number 650
Item number M05K
100 ## - MAIN ENTRY--PERSONAL NAME
Personal name KOTLER, PHILIP
245 ## - TITLE STATEMENT
Title MARKETING FOR HOSPITALITY & TOURISM
250 ## - EDITION STATEMENT
Edition statement 3RD
260 ## - PUBLICATION, DISTRIBUTION, ETC. (IMPRINT)
Place of publication, distribution, etc NEW DELHI
Name of publisher, distributor, etc PEARSON EDUCATION INDIA
Year of Publication 2005
300 ## - PAGE DESCRIPTION
No. of Pages 907
650 ## - SUBJECT ADDED ENTRY--TOPICAL TERM
Topical term or geographic name as entry element HOTEL MANAGEMENT
942 ## - ADDED ENTRY ELEMENTS (KOHA)
Source of classification or shelving scheme Dewey Decimal Classification
Koha item type Books
Holdings
Withdrawn status Lost status Source of classification or shelving scheme Damaged status Not for loan Collection code Home library Current library Shelving location Date acquired Vendor Name SGTU Bill Number Total Checkouts Full call number Accession No. (Barcode) Date last seen Date last borrowed Bill Date Koha item type
    Dewey Decimal Classification     HOTEL MANAGEMENT SGT Science & Social Sciences Library SGT Science & Social Sciences Library Text Book 08/08/2017 JINDAL BOOK SERVICE SGTU 1775 3 650 M05K HM693 13/05/2019 29/04/2019 07/09/2015 Books